Statystyki dla Wielkie Wyzwanie z francuskiego słownictwa

Kliknij tutaj aby rozwiązać quiz!

Ogólne statystyki

  • Ten quiz został rozwiązany 509 razy
  • Średni wynik to 12 z 20

Statystyki odpowiedzi

Słowo#Odpowiedź% Poprawnych
Iść5A{ller}
100%
Przyjaciel3A{mi}
100%
Ananas6An{anas}
100%
Po5Ap{rès}
100%
Zatrzymywać się7Ar{rêter}
100%
Czekać8At{tendre}
100%
Bakłażan9Au{bergine}
100%
Mieć5A{voir}
100%
Balkon6B{alcon}
100%
Bank6B{anque}
100%
Łódź6Ba{teau}
100%
Dużo8Be{aucoup}
100%
Dziecko4B{ébé}
100%
Witaj!9Bi{envenue}
100%
Niebieski4Bl{eu}
100%
Dzień dobry!7B{onjour}
100%
Usta6Bo{uche}
100%
Butelka9Bou{teille}
100%
Ramię, ręka4B{ras}
100%
Biuro6Bu{reau}
100%
Kaczka6Ca{nard}
100%
Mapa5C{arte}
100%
Znany7Cé{lèbre}
100%
Sypialnia7Ch{ambre}
100%
Zamek7Ch{âteau}
100%
But9Ch{aussure}
100%
Pies5C{hien}
100%
Przedmiot5Ch{ose}
100%
Niebo4C{iel}
100%
Piąty9Ci{nquième}
100%
Cytryna6Ci{tron}
100%
Serce5C{oeur}
100%
Walka6Co{mbat}
100%
Zaczynać9Co{mmencer}
100%
Przeciwko6Co{ntre}
100%
Biec6Co{urir}
100%
Kuchnia7C{uisine}
100%
Łabędź5C{ygne}
100%
Jutro6De{main}
100%
Prosić8De{mander}
100%
Dwa4D{eux}
100%
Bóg4D{ieu}
100%
Trudny9Di{fficile}
100%
Powiedzieć4D{ire}
100%
Dawać6Do{nner}
100%
Woda3E{au}
100%
Szkoła5É{cole}
100%
Słuchać7Éc{outer}
100%
Kościół6Ég{lise}
100%
Razem8En{semble}
100%
Wysyłać7En{voyer}
100%
Szpinak7Ép{inard}
100%
Hiszpania7E{spagne}
100%
Gwiazda6É{toile}
100%
Rodzina7Fa{mille}
100%
Kobieta5F{emme}
100%
Okno7Fe{nêtre}
100%
Zamknięty5F{ermé}
100%
Dumny4F{ier}
100%
Kwiat5F{leur}
100%
Rzeka6Fl{euve}
100%
Malina9Fr{amboise}
100%
Brat5F{rère}
100%
Chłopiec6G{arçon}
100%
Kolano5Ge{nou}
100%
Żaba10Gre{nouille}
100%
Tutaj3I{ci}
100%
Wyspa3Î{le}
100%
Styczeń7J{anvier}
100%
Ogród6J{ardin}
100%
Czwartek5J{eudi}
100%
Młody5J{eune}
100%
Dzień4J{our}
100%
Żydowski4J{uif}
100%
Mleko4L{ait}
100%
Myć5La{ver}
100%
Wolny (nie szybki)4L{ent}
100%
Wolność7Li{berté}
100%
Wolny (nie więziony)5Li{bre}
100%
Daleko4L{oin}
100%
Ciężki (o dużej masie)5L{ourd}
100%
Księżyc4L{une}
100%
Znakomity10Mag{nifique}
100%
Dom6M{aison}
100%
Dziękuję!5M{erci}
100%
Miód4M{iel}
100%
Podnosić się, wjeżdżać na górę6Mo{nter}
100%
Słowo3M{ot}
100%
Umierać6Mo{urir}
100%
Pływać5N{ager}
100%
Śnieg5N{eige}
100%
Nie (jako odpowiedź na pytanie)3N{on}
100%
Północ (na kompasie)4N{ord}
100%
Pożywienie10Nou{rriture}
100%
Oferować6O{ffrir}
100%
Ptak6Oi{seau}
100%
Zapominać7Ou{blier}
100%
Pałac6Pa{lais}
100%
Parasol9Pa{rapluie}
100%
Perfum6P{arfum}
100%
Mówić, rozmawiać6Pa{rler}
100%
Myśleć6P{enser}
100%
Plaża5Pl{age}
100%
Pieprz6Po{ivre}
100%
Jabłko5P{omme}
100%
Dlaczego8P{ourquoi}
100%
Brać7Pr{endre}
100%
Modlić się5Pr{ier}
100%
Cena4P{rix}
100%
Nauczyciel10Pr{ofesseur}
100%
Kiedy5Q{uand}
100%
Czterdzieści8Qu{arante}
100%
Kto3Q{ui}
100%
Piętnaście6Qu{inze}
100%
Królowa5R{eine}
100%
Pozostawać6R{ester}
100%
Sukienka4R{obe}
100%
Król3R{oi}
100%
Ulica3R{ue}
100%
Wąż7S{erpent}
100%
Wychodzić6So{rtir}
100%
Cukier5S{ucre}
100%
Temat5Su{jet}
100%
Ciągnąć5Ti{rer}
100%
Smutny6Tr{iste}
100%
Trzy5T{rois}
100%
Zabijać4T{uer}
100%
Piątek8Ve{ndredi}
100%
Wiatr4V{ent}
100%
Zielony4V{ert}
100%
Stary5V{ieux}
100%
Wino3V{in}
100%
Twarz6Vi{sage}
100%
Żyć5V{ivre}
100%
Oczy4Y{eux}
100%
Nienawidzieć8Dé{tester}
75%
Czasami7Pa{rfois}
75%
Interesujący11In{teressant}
67%
Sklep7Ma{gasin}
67%
Nos3N{ez}
67%
Państwo, kraj4P{ays}
67%
Głęboki7Pr{ofond}
67%
Przychodzić5V{enir}
67%
Pieniądze6Ar{gent}
50%
Szparag7As{perge}
50%
Z (kimś, czymś)4A{vec}
50%
Pić5Bo{ire}
50%
Zwłoki7Cad{avre}
50%
Zeszyt6Cah{ier}
50%
Twardy3D{ur}
50%
Głód4F{aim}
50%
Nieprawidłowy4F{aux}
50%
Syn4F{ils}
50%
Francuski8Fr{ançais}
50%
Historia8Hi{stoire}
50%
Spódnica4J{upe}
50%
Chory6Ma{lade}
50%
Chodzić7Ma{rcher}
50%
Lustro6Mi{roir}
50%
Owca6M{outon}
50%
Otwierać6O{uvert}
50%
Pchać7Po{usser}
50%
Gotowy4Pr{êt}
50%
Oglądać8Re{garder}
50%
Królestwo7Ro{yaume}
50%
Mądry4S{age}
50%
Żołnierz6So{ldat}
50%
Słońce6So{leil}
50%
Życzyć9Sou{haiter}
50%
Mysz6S{ouris}
50%
Naprawdę8Vr{aiment}
50%
Sierpień4A{oût}
33%
Kolacja5D{îner}
33%
Łatwy6Fa{cile}
33%
Duch, upiór7Fa{ntôme}
33%
Odważyć się4O{ser}
33%
Kurczak6P{oulet}
33%
Pszczoła7Ab{eille}
0%
Kupować7Ach{eter}
0%
Żegnaj!5Ad{ieu}
0%
Plakat7Aff{iche}
0%
Jagnię6Ag{neau}
0%
Pomagać5Ai{der}
0%
Skrzydło4A{ile}
0%
Lubić, kochać5Ai{mer}
0%
Dodawać7Aj{outer}
0%
Niemcy9All{emagne}
0%
Urodziny12An{niversaire}
0%
Drzewo5Ar{bre}
0%
Wystarczająco5As{sez}
0%
Talerz8Ass{iette}
0%
Uważaj!9At{tention}!
0%
Inny5Au{tre}
0%
Połykać6Av{aler}
0%
Przed5A{vant}
0%
Ślepy7Av{eugle}
0%
Samolot5A{vion}
0%
Prawnik6Av{ocat}
0%
Kwiecień5A{vril}
0%
Różdżka8Ba{guette}
0%
Wanna4B{ain}
0%
Wieloryb7Ba{leine}
0%
Banan6B{anane}
0%
Przedmieście8Ban{lieue}
0%
Masło6Be{urre}
0%
Piwo5B{ière}
0%
Biżuteria5Bi{jou}
0%
Bilet6Bi{llet}
0%
Całus5Bi{sou}
0%
Żart6Bl{ague}
0%
Biały5Bl{anc}
0%
Skrzywdzony6Bl{essé}
0%
Wołowina5B{oeuf}
0%
Drewno4B{ois}
0%
Pudło5Bo{îte}
0%
Dobry wieczór7B{onsoir}
0%
Świeca6Bo{ugie}
0%
Piekarnia11Bou{langerie}
0%
Hałas5Br{uit}
0%
Ukryty5Ca{ché}
0%
Prezent6Ca{deau}
0%
Kawa4C{afé}
0%
Ciężarówka6Ca{mion}
0%
Zniszczyć6Ca{sser}
0%
Pas8Cei{nture}
0%
Wiśnia6Ce{rise}
0%
Mózg7Ce{rveau}
0%
Upał7Ch{aleur}
0%
Pole uprawne5Ch{amp}
0%
Grzyb10Cha{mpignon}
0%
Śpiewać7Ch{anter}
0%
Kapelusz7Ch{apeau}
0%
Polowanie6Ch{asse}
0%
Gorący5Ch{aud}
0%
Skarpeta10Ch{aussette}
0%
Droga6Ch{emin}
0%
Koszulka7Ch{emise}
0%
Drogi4C{her}
0%
Szukać8Ch{ercher}
0%
Koń6Ch{eval}
0%
Włosy6Ch{eveu}
0%
Koza6Ch{èvre}
0%
U (kogoś)4C{hez}
0%
Chiński7Ch{inois}
0%
Wybierać (coś)7Ch{oisir}
0%
Obywatel7Ci{toyen}
0%
Klucz3C{lé}
0%
Dzwon6Cl{oche}
0%
Świnia6Co{chon}
0%
Róg4C{oin}
0%
Złość6Co{lère}
0%
Wzgórze7Co{lline}
0%
Rozumieć10Com{prendre}
0%
Liczyć7Co{mpter}
0%
Jeździć8Con{duire}
0%
Znać9Con{naître}
0%
Kumpel, chłopak6Co{pain}
0%
Ciało5Co{rps}
0%
Poprawiać8Cor{riger}
0%
Winny8Co{upable}
0%
Ciąć6Co{uper}
0%
Nóż7Cou{teau}
0%
Krawat7Cr{avate}
0%
Ołówek6Cr{ayon}
0%
Wierzyć6Cr{oire}
0%
Krzyż5Cr{oix}
0%
Łyżka8Cui{llère}
0%
Tańczyć6D{anser}
0%
Na dworze6De{hors}
0%
Już4D{éjà}
0%
Obiad8Dé{jeuner}
0%
Ząb4D{ent}
0%
Przed6De{vant}
0%
Stawać się7De{venir}
0%
Diabeł6Di{able}
0%
Niedziela8Di{manche}
0%
Palec u ręki5D{oigt}
0%
Więc4D{onc}
0%
Spać6Do{rmir}
0%
Prysznic6D{ouche}
0%
Flaga7Dr{apeau}
0%
Zabawny5Dr{ôle}
0%
Drabina7Éc{helle}
0%
Pisać6Éc{rire}
0%
Równy4É{gal}
0%
Wybierać (kogoś na stanowisko)5Él{ire}
0%
Ona4E{lle}
0%
W ciąży8En{ceinte}
0%
Dziecko6E{nfant}
0%
Piekło5En{fer}
0%
W końcu5En{fin}
0%
Nudny8Enn{uyeux}
0%
Uczyć9Ens{eigner}
0%
Między5E{ntre}
0%
Bark, ramię6Ép{aule}
0%
Drużyna6Éq{uipe}
0%
Błąd6E{rreur}
0%
Ślimak8E{scargot}
0%
Niewolnik7Es{clave}
0%
Mieć nadzieję7Es{pérer}
0%
Próbować7Es{sayer}
0%
Państwo, stan4É{tat}
0%
Obca osoba8Ét{ranger}
0%
Być4Ê{tre}
0%
Robić5F{aire}
0%
Fotel8Fau{teuil}
0%
Liść7F{euille}
0%
Córka5F{ille}
0%
Strzała6Fl{èche}
0%
Silny4F{ort}
0%
Widelec10Fo{urchette}
0%
Truskawka6F{raise}
0%
Frytki6F{rites}
0%
Zimny5Fr{oid}
0%
Ser7F{romage}
0%
Palić (papierosy)5Fu{mer}
0%
Karabin5F{usil}
0%
Wygrywać6Ga{gner}
0%
Dworzec4G{are}
0%
Lewy6G{auche}
0%
Miły6Ge{ntil}
0%
Lody5G{lace}
0%
Gumka5Go{mme}
0%
Gardło5G{orge}
0%
Smakować6Go{ûter}
0%
Dziadek9G{randpère}
0%
Jaskinia6Gr{otte}
0%
Wojna6G{uerre}
0%
Fasola7Ha{ricot}
0%
Godzina5H{eure}
0%
Na szczęście12Heu{reusement}
0%
Sowa5Hi{bou}
0%
Wczoraj4H{ier}
0%
Zima5H{iver}
0%
Szpital7H{ôpital}
0%
Osiem4H{uit}
0%
Zakazany8In{terdit}
0%
Nigdy6J{amais}
0%
Noga5J{ambe}
0%
Szynka6J{ambon}
0%
Żółty5Ja{une}
0%
Grać5Jo{uer}
0%
Gazeta7Jo{urnal}
0%
Lipiec7J{uillet}
0%
Sok3J{us}
0%
Jezioro3L{ac}
0%
Język6L{angue}
0%
Królik5La{pin}
0%
Lekki5Lé{ger}
0%
Warzywo6Lé{gume}
0%
Warga5Lè{vre}
0%
Księgarnia9Li{brairie}
0%
Czytać4L{ire}
0%
Książka5L{ivre}
0%
Wilk4L{oup}
0%
Poniedziałek5L{undi}
0%
Liceum5L{ycée}
0%
Teraz10Mai{ntenant}
0%
Mistrz6Ma{ître}
0%
Pomimo6Mal{gré}
0%
Jeść6M{anger}
0%
Wtorek5M{ardi}
0%
Mąż4M{ari}
0%
Poranek5M{atin}
0%
Zły, kiepski7Mau{vais}
0%
Lekarz7Mé{decin}
0%
Kłamać6Me{ntir}
0%
Środa8M{ercredi}
0%
Praca6Mé{tier}
0%
Położyć6Me{ttre}
0%
Południe (na zegarze)4M{idi}
0%
Słodki, uroczy6Mi{gnon}
0%
Tysiąc5M{ille}
0%
Północ (na zegarze)6Mi{nuit}
0%
Mniej5M{oins}
0%
Miesiąc4M{ois}
0%
Świat5M{onde}
0%
Góra8Mo{ntagne}
0%
Pokazywać7Mo{ntrer}
0%
Musztarda8Mo{utarde}
0%
Ściana3M{ur}
0%
Muzeum5M{usée}
0%
Muzyka7M{usique}
0%
Narodziny9Na{issance}
0%
Boże Narodzenie4N{oël}
0%
Czarny4N{oir}
0%
Numer6No{mbre}
0%
Nowy7N{ouveau}
0%
Chmura5N{uage}
0%
Noc4N{uit}
0%
Jajko4O{euf}
0%
Cebula6Oi{gnon}
0%
Cień5O{mbre}
0%
Wujek5O{ncle}
0%
Jedenaście4O{nze}
0%
Komputer10Or{dinateur}
0%
Ucho7Or{eille}
0%
Zachód (na kompasie)5O{uest}
0%
Chleb4P{ain}
0%
Pokój (między krajami)4P{aix}
0%
Grejfrut12Pam{plemousse}
0%
Papier6P{apier}
0%
Motyl8Pa{pillon}
0%
Wśród5Pa{rmi}
0%
Wszędzie7Pa{rtout}
0%
Biedny6P{auvre}
0%
Skóra4P{eau}
0%
Łowić ryby6P{êcher}
0%
Tracić6P{erdre}
0%
Mały5P{etit}
0%
Strach4P{eur}
0%
Latarnia morska5Ph{are}
0%
Stopa4P{ied}
0%
Kamień6Pi{erre}
0%
Basen7Pi{scine}
0%
Sufit7Pla{fond}
0%
Przyjemność7Pl{aisir}
0%
Płakać7Pl{eurer}
0%
Deszcz5Pl{uie}
0%
Por7Poi{reau}
0%
Ryba7Po{isson}
0%
Most4P{ont}
0%
Drzwi5P{orte}
0%
Pierwszy7Pr{emier}
0%
Prawie7Pr{esque}
0%
Bliski6Pro{che}
0%
Czysty6Pr{opre}
0%
Mocny, silny8Pui{ssant}
0%
Dzienny9Quo{tidien}
0%
Powód, racja6R{aison}
0%
Rzadko8R{arement}
0%
Zasada5R{ègle}
0%
Naprawiać7Rép{arer}
0%
Posiłek5Re{pas}
0%
Odpowiadać8Ré{pondre}
0%
Rekin6Re{quin}
0%
Odnieść sukces7Ré{ussir}
0%
Śnić, marzyć5R{êver}
0%
Nic4R{ien}
0%
Śmiać się4R{ire}
0%
Różowy4R{ose}
0%
Koło (w pojeździe)4R{oue}
0%
Piasek5Sa{ble}
0%
Pora roku6Sa{ison}
0%
Brudny4Sa{le}
0%
Cześć!5Sa{lut}
0%
Sobota6S{amedi}
0%
Krew4S{ang}
0%
Oprócz4S{auf}
0%
Uratować, zapisywać6Sa{uver}
0%
Wiedzieć6Sa{voir}
0%
Suchy3S{ec}
0%
Sól3S{el}
0%
Tydzień7Se{maine}
0%
Ręcznik9Ser{viette}
0%
Sam4S{eul}
0%
Wiek, stulecie6Si{ècle}
0%
Siostra5S{oeur}
0%
Pragnienie (chęć napicia się)4S{oif}
0%
Wieczór4S{oir}
0%
Nagle7S{oudain}
0%
Głuchy5S{ourd}
0%
Pod4S{ous}
0%
Często7S{ouvent}
0%
Południe (na kompasie)3S{ud}
0%
Podążać6Su{ivre}
0%
Ciotka5T{ante}
0%
Późno4T{ard}
0%
Filiżanka5T{asse}
0%
Świadek6Té{moin}
0%
Ziemia5T{erre}
0%
Głowa4T{ête}
0%
Dach4T{oit}
0%
Spadać6To{mber}
0%
Zawsze8T{oujours}
0%
Wieża4T{our}
0%
Tłumaczyć (między językami)8Tra{duire}
0%
Spokojny10Tr{anquille}
0%
Pracować10Tr{availler}
0%
Trzydzieści6Tr{ente}
0%
Bardzo4T{rès}
0%
Trąbka9Tr{ompette}
0%
Znaleźć7Tr{ouver}
0%
Fabryka5U{sine}
0%
Wakacje8Va{cances}
0%
Krowa5V{ache}
0%
Rower4V{élo}
0%
Sprzedawać6V{endre}
0%
Prawda6Vé{rité}
0%
Mięso6V{iande}
0%
Pusty4V{ide}
0%
Miasto5V{ille}
0%
Skrzypce6V{iolon}
0%
Szybko4V{ite}
0%
Widzieć4V{oir}
0%
Sąsiad6Vo{isin}
0%
Samochód7V{oiture}
0%
Głos4V{oix}
0%
Latać5Vo{ler}
0%
Chcieć7Vo{uloir}
0%

Rozkład punktacji

Percentyl według liczby udzielonych odpowiedzi

Procent ludzi z każdym wynikiem

Twoja historia wyników

Nie rozwiązałeś tego quizu